Statistiken für Echte Deutsche Landkreise und kreisfreie Städte

Klicken Sie hier um das Quiz zu spielen!

Allgemein

  • Dieses Quiz wurde 356 mal gespielt
  • Das Durchschnittsergebnis liegt bei 185 aus 400

Antworten auf der Karte

Die Antworten werden auf der Karte rot bzw. grün angezeigt, abhängig davon wie oft sie richtig erraten wurden.
 

Antwortstatistiken

Landkreis% Korrekt
Berlin
73%
Erfurt
73%
Bremen
69%
Hamburg
69%
Jena
69%
Heidekreis
68%
Kiel
67%
Wiesbaden
67%
München
66%
Bremerhaven
65%
Dresden
65%
Frankfurt am Main
65%
Frankfurt (Oder)
65%
Gera
65%
Karlsruhe
65%
Kassel
65%
Leipzig
65%
Lübeck
65%
Nürnberg
65%
Nürnberger Land
65%
Potsdam
65%
Potsdam-Mittelmark
65%
Regen
65%
Region Hannover
65%
Schleswig-Flensburg
65%
Schwäbisch Hall
65%
Flensburg
64%
Regionalverband
Saarbrücken
64%
Stuttgart
64%
Chemnitz
63%
Freiburg im Breisgau
63%
Fulda
63%
Magdeburg
63%
Mainz
63%
Mainz-Bingen
63%
Mannheim
63%
Osnabrück
63%
Regensburg
63%
Rostock
63%
Cottbus
62%
Fürth
62%
Heidelberg
62%
Hof
62%
Ingolstadt
62%
Köln
62%
Ulm
62%
Augsburg
61%
Koblenz
61%
Mayen-Koblenz
61%
Offenbach
61%
Offenbach am Main
61%
Aschaffenburg
60%
Baden-Baden
60%
Braunschweig
60%
Darmstadt
60%
Darmstadt-Dieburg
60%
Konstanz
60%
Oldenburg
60%
Schwerin
60%
Wolfsburg
60%
Würzburg
60%
Bonn
59%
Kaiserslautern
59%
Kempten (Allgäu)
59%
Weimar
59%
Weimarer Land
59%
Brandenburg an der Havel
58%
Dortmund
58%
Düsseldorf
58%
Essen
58%
Halle (Saale)
58%
Leverkusen
58%
Passau
58%
Schweinfurt
58%
Bochum
57%
Cuxhaven
57%
Gelsenkirchen
57%
Gießen
57%
Göttingen
57%
Mönchengladbach
57%
Trier
57%
Trier-Saarburg
57%
Bamberg
56%
Bayreuth
56%
Coburg
56%
Duisburg
56%
Eisenach
56%
Heilbronn
56%
Hildesheim
56%
Ludwigshafen am Rhein
56%
Neu-Ulm
56%
Pforzheim
56%
Ravensburg
56%
Städteregion Aachen
56%
Suhl
56%
Emden
55%
Erlangen
55%
Erlangen-Höchstadt
55%
Münster
55%
Paderborn
55%
Rosenheim
55%
Wuppertal
55%
Zwickau
55%
Ansbach
54%
Erzgebirgekreis
54%
Marburg-Biedenkopf
54%
Reutlingen
54%
Vorpommern-Rügen
54%
Garmisch-Partenkirchen
53%
Neustadt a.d. Aisch -
Bad Windsheim
53%
Neustadt a.d. Waldnaab
53%
Neustadt an
der Weinstraße
53%
Alzey-Worms
52%
Dessau-Roßlau
52%
Eifelkreis Bitburg-Prüm
52%
Görlitz
52%
Gotha
52%
Hamm
52%
Landshut
52%
Nordfriesland
52%
Tübingen
52%
Vorpommern-Greifswald
52%
Wilhelmshaven
52%
Worms
52%
Herne
51%
Oberhausen
51%
Schmalkalden-Meiningen
51%
Bodenseekreis
50%
Esslingen
50%
Harz
50%
Heidenheim
50%
Lindau (Bodensee)
50%
Lörrach
50%
Lüneburg
50%
Neumünster
50%
Ostallgäu
50%
Saarlouis
50%
Siegen-Wittgenstein
50%
Stade
50%
Amberg
49%
Amberg-Sulzbach
49%
Bautzen
49%
Berchtesgadener Land
49%
Bottrop
49%
Dingolfing-Landau
49%
Hagen
49%
Nordhausen
49%
Oberallgäu
49%
Salzgitter
49%
Solingen
49%
Celle
48%
Dachau
48%
Emsland
48%
Hersfeld-Rotenburg
48%
Krefeld
48%
Limburg-Weilburg
48%
Ludwigsburg
48%
Memmingen
48%
Mülheim an der Ruhr
48%
Recklinghausen
48%
Saalekreis
48%
Unna
48%
Cham
47%
Friesland
46%
Göppingen
46%
Pirmasens
46%
Rendsburg-Eckernförde
46%
Deggendorf
45%
Gütersloh
45%
Landau in der Pfalz
45%
Meißen
45%
Ostholstein
45%
Rhein-Kreis Neuss
45%
Stendal
45%
Altenburger Land
44%
Aurich
44%
Calw
44%
Euskirchen
44%
Goslar
44%
Hameln-Pyrmont
44%
Ilm-Kreis
44%
Kaufbeuren
44%
Kyffhäuserkreis
44%
Ludwigslust-Parchim
44%
Main-Kinzig-Kreis
44%
Main-Taunus-Kreis
44%
Neunkirchen
44%
Pinneberg
44%
Plön
44%
Roth
44%
Saalfeld-Rudolstadt
44%
Straubing
44%
Straubing-Bogen
44%
Uckermark
44%
Vogtlandkreis
44%
Westerwaldkreis
44%
Anhalt-Bitterfeld
43%
Böblingen
43%
Delmenhorst
43%
Fürstenfeldbruck
43%
Leer
43%
Rotenburg (Wümme)
43%
Ahrweiler
42%
Bergstraße
42%
Düren
42%
Freising
42%
Lippe
42%
Mecklenburgische
Seenplatte
42%
Minden-Lübbecke
42%
Rhein-Neckar-Kreis
42%
Speyer
42%
Weiden i. d. OPf.
42%
Bad Kissingen
41%
Bad Tölz-Wolfratshausen
41%
Erding
41%
Groß-Gerau
41%
Havelland
41%
Odenwaldkreis
41%
Peine
41%
Remscheid
41%
Starnberg
41%
Traunstein
41%
Biberach
40%
Heinsberg
40%
Hochtaunuskreis
40%
Neumarkt i.d.OPf
40%
Olpe
40%
Rottweil
40%
Sonneberg
40%
Unterallgäu
40%
Vogelsbergkreis
40%
Wartburgkreis
40%
Wolfenbüttel
40%
Zweibrücken
40%
Bad Kreuznach
39%
Cloppenburg
39%
Günzburg
39%
Hochsauerlandkreis
39%
Kleve
39%
Rastatt
39%
Tuttlingen
39%
Vechta
39%
Wittenberg
39%
Freudenstadt
38%
Greiz
38%
Herford
38%
Höxter
38%
Landsberg am Lech
38%
Mittelsachsen
38%
Nordsachsen
38%
Rhön-Grabfeld
38%
Sömmerda
38%
Vulkaneifel
38%
Wesel
38%
Borken
37%
Lahn-Dill-Kreis
37%
Neuwied
37%
Sächsische Schweiz -
Osterzgebirge
37%
Steinfurt
37%
Waldshut
37%
Cochem-Zell
36%
Dillingen a.d. Donau
36%
Forchheim
36%
Märkischer Kreis
36%
Schwandorf
36%
Soest
36%
Teltow-Fläming
36%
Uelzen
36%
Waldeck-Frankenberg
36%
Werra-Meißner-Kreis
36%
Altötting
35%
Burgenlandkreis
35%
Dithmarschen
35%
Eichsfeld
35%
Eichstätt
35%
Ennepe-Ruhr-Kreis
35%
Freyung-Grafenau
35%
Grafschaft Bentheim
35%
Harburg
35%
Hildburghausen
35%
Kulmbach
35%
Main-Spessart
35%
Main-Tauber-Kreis
35%
Merzig-Wadern
35%
Mettmann
35%
Miesbach
35%
Oberhavel
35%
Ostalbkreis
35%
Pfaffenhofen a. d. Ilm
35%
Prignitz
35%
Rhein-Sieg-Kreis
35%
Schwabach
35%
Sigmaringen
35%
Tirschenreuth
35%
Wesermarsch
35%
Coesfeld
34%
Donau-Ries
34%
Enzkreis
34%
Herzogtum Lauenburg
34%
Lüchow-Dannenberg
34%
Miltenberg
34%
Nienburg (Weser)
34%
Ortenaukreis
34%
Schwalm-Eder-Kreis
34%
Südliche Weinstraße
34%
Verden
34%
Viersen
34%
Aichach-Friedberg
33%
Alb-Donau-Kreis
33%
Altmarkkreis Salzwedel
33%
Breisgau-Hochschwarzwald
33%
Gifhorn
33%
Hohenlohekreis
33%
Neckar-Odenwald-Kreis
33%
Nordwestmecklenburg
33%
Rhein-Erft-Kreis
33%
Saale-Orla-Kreis
33%
Segeberg
33%
Weilheim-Schongau
33%
Haßberge
32%
Mühldorf am Inn
32%
Oder-Spree
32%
Rems-Murr-Kreis
32%
Rheingau-Taunus-Kreis
32%
Warendorf
32%
Wetteraukreis
32%
Ammerland
31%
Bad Dürkheim
31%
Bernkastel-Wittlich
31%
Birkenfeld
31%
Börde
31%
Diepholz
31%
Elbe-Elster
31%
Emmendingen
31%
Frankenthal (Pfalz)
31%
Helmstedt
31%
Jerichower Land
31%
Kitzingen
31%
Lichtenfels
31%
Northeim
31%
Osterholz
31%
Rottal-Inn
31%
Saarpfalz-Kreis
31%
Schaumburg
31%
Steinburg
31%
Stormarn
31%
St. Wendel
31%
Unstrut-Hainich-Kreis
31%
Wittmund
31%
Wunsiedel i.
Fichtelgebirge
31%
Dahme-Spreewald
30%
Germersheim
30%
Holzminden
30%
Kelheim
30%
Kronach
30%
Neuburg-Schrobenhausen
30%
Oberbergischer Kreis
30%
Ostprignitz-Ruppin
30%
Rheinisch-
Bergischer Kreis
30%
Rhein-Pfalz-Kreis
30%
Schwarzwald-Baar-Kreis
30%
Spree-Neiße
30%
Barnim
29%
Ebersberg
29%
Kusel
29%
Mansfeld-Südharz
29%
Saale-Holzland-Kreis
29%
Zollernalbkreis
29%
Altenkirchen
(Westerwald)
28%
Donnersbergkreis
28%
Märkisch-Oderland
28%
Weißenburg-Gunzenhausen
28%
Salzlandkreis
27%
Südwestpfalz
27%
Rhein-Lahn-Kreis
26%
Rhein-Hunsrück-Kreis
25%
Oberspreewald-Lausitz
23%

Verteilung der Resultate

Perzentil nach korrekt beantworteten Fragen

Anzahl Personen mit jedem Resultat

Ihre Resultats-Entwicklung

Sie haben dieses Quiz noch nicht gespielt